000 00554nam a2200169 i 4500
001 26095
003 ES-MaACL
005 20230906153403.0
007 t|
008 030107s1883 sp ||||1| spa d
100 1 _aArnim, Richard von.
_923098
245 1 0 _aDeberes del Jefe de Batallón en tiempo de paz y en tiempo de guerra /
_cpor Vvon Arnim ; versión de A. Hernández Pérez.
260 _aMadrid :
_b[s.n.,
_c1883]
300 _a221 p., [1] h. de plan. ;
_c16 cm.
700 0 _aPérez Hernández, Antonio.
_990930
852 _aES-MaACL
_jT-406-F-6
999 _c26095
_d26095